[Event "George Trundle Talents"]
[Site "Auckland"]
[Date "2020.01.10"]
[Round "7"]
[White "Kulchayodom, Pridiyathon"]
[Black "Sharma, Akshay"]
[Result "0-1"]
[WhiteElo "1423"]
[BlackElo "1504"]
[PlyCount "108"]
[EventDate "2020.01.04"]
[EventType "tourn"]
[EventRounds "9"]
[EventCountry "NZL"]
[SourceTitle "EXT 2021"]
[Source "ChessBase"]
[SourceDate "2020.10.23"]
[SourceVersion "1"]
[SourceVersionDate "2020.10.23"]
[SourceQuality "1"]

1. e4 e6 2. d4 d5 3. exd5 exd5 4. Bd3 Bd6 5. Nf3 Ne7 6. h3 h6 7. 0-0 0-0 8. Re1 Bf5 9. Bxf5 Nxf5 10. Qd3 Qf6 11. c3 Nd7 12. Nbd2 Rfe8 13. Rxe8+ Rxe8 14. Qb5 Qe7 15. Qxd5 g6 16. Nf1 c6 17. Qb3 Nf6 18. Bd2 Kh7 19. Re1 Qd7 20. Rxe8 Nxe8 21. Ne3 Nxe3 22. Bxe3 b6 23. Ne5 Bxe5 24. dxe5 Nc7 25. Qa3 Ne6 26. Qd6 Qxd6 27. exd6 Kg7 28. d7 Kf8 29. Bxh6+ Ke7 30. d8Q+ Kxd8 31. Be3 Kd7 32. h4 f5 33. f3 c5 34. g4 f4 35. Bd2 c4 36. Kh2 Ke7 37. g5 Kd6 38. Kh3 Ke5 39. Kg4 b5 40. h5 gxh5+ 41. Kxh5 Nf8 42. g6 Kf6 43. Bxf4 Nxg6 44. Bg5+ Kf5 45. Bd2 Ne5 46. f4 Nd3 47. b3 Nxf4+ 48. Kh4 Ne2 49. Kh3 Ke4 50. Kg2 Kd3 51. Be1 Nxc3 52. Bxc3 Kxc3 53. bxc4 bxc4 54. Kf1 Kd2 0-1

[Event "George Trundle Talents"]
[Site "Auckland"]
[Date "2020.01.05"]
[Round "2"]
[White "Kulchayodom, Pridiyathon"]
[Black "Zhang, Tim"]
[Result "1-0"]
[WhiteElo "1423"]
[BlackElo "1270"]
[PlyCount "103"]
[EventDate "2020.01.04"]
[EventType "tourn"]
[EventRounds "9"]
[EventCountry "NZL"]
[SourceTitle "EXT 2021"]
[Source "ChessBase"]
[SourceDate "2020.10.23"]
[SourceVersion "1"]
[SourceVersionDate "2020.10.23"]
[SourceQuality "1"]

1. e4 c5 2. Nf3 Nc6 3. d4 cxd4 4. Nxd4 e5 5. Nf3 Nf6 6. Nc3 Bb4 7. Bd3 Bxc3+ 8. bxc3 d6 9. h3 h6 10. 0-0 0-0 11. Re1 Be6 12. Qe2 a6 13. Bc4 Bxc4 14. Qxc4 Rc8 15. Qd3 Re8 16. Nh4 Nh5 17. Nf5 Ne7 18. Nxd6 Qd7 19. Nxe8 Qxe8 20. Qf3 Nf6 21. Bxh6 Nxe4 22. Qxe4 gxh6 23. Qxe5 Qf8 24. Qxe7 Qxe7 25. Rxe7 Rxc3 26. Rxb7 Rxc2 27. Rb6 a5 28. Rxh6 Kg7 29. Ra6 Rc5 30. Rd1 Rb5 31. Rd4 Rb1+ 32. Kh2 Rb2 33. Rxa5 Rxf2 34. a4 Ra2 35. Ra8 Ra3 36. a5 Ra2 37. a6 Ra5 38. a7 Ra6 39. Rg4+ Kf6 40. Rf4+ Ke7 41. Re4+ Kf6 42. Ree8 Kg6 43. Re7 Kf6 44. Rae8 Kg7 45. a8Q Rxa8 46. Rxa8 Kf6 47. Raa7 Kg6 48. Rxf7 Kh6 49. Kg3 Kh5 50. Ra6 Kg5 51. h4+ Kh5 52. Rf5# 1-0

[Event "Laos op"]
[Site "Vientiane"]
[Date "2018.01.06"]
[Round "7"]
[White "Kulchayodom, Pridiyathon"]
[Black "Prommuang, Araya"]
[Result "0-1"]
[WhiteElo "1246"]
[BlackElo "1546"]
[PlyCount "98"]
[EventDate "2018.01.03"]
[EventType "swiss"]
[EventRounds "9"]
[EventCountry "LAO"]
[SourceTitle "CBM 182 Extra"]
[Source "ChessBase"]
[SourceDate "2018.02.23"]
[SourceVersion "1"]
[SourceVersionDate "2018.02.23"]
[SourceQuality "1"]

1. e4 e5 2. Nf3 Nc6 3. Bc4 Bc5 4. d3 h6 5. 0-0 Nf6 6. Nc3 0-0 7. Ne2 d6 8. h3 Na5 9. Bb3 Nxb3 10. axb3 Re8 11. Ng3 d5 12. Be3 Bxe3 13. fxe3 Bd7 14. exd5 Nxd5 15. Qd2 Qe7 16. e4 Nf4 17. Ne2 Ng6 18. Rf2 b5 19. Raf1 a5 20. Qc3 c5 21. Ra1 Ra6 22. Rxa5 b4 23. Qxc5 Qxc5 24. Rxc5 Ra1+ 25. Rf1 Ra2 26. Rb1 f5 27. Rd5 Be6 28. Rb5 fxe4 29. dxe4 Bf7 30. Rxb4 Rea8 31. Nc3 Ra1 32. Rxa1 Rxa1+ 33. Kf2 Rc1 34. Ne1 Nf4 35. Rb5 Ng6 36. Ke2 Ra1 37. Nd3 Nf4+ 38. Nxf4 exf4 39. e5 Ra8 40. Kf3 g5 41. Ne4 Ra2 42. Rb8+ Kg7 43. Rb7 Kf8 44. Nd6 Bd5+ 45. Kg4 Bxb7 46. Nxb7 Rxb2 47. Kf5 Rxc2 48. Kf6 Rxg2 49. e6 Re2 0-1